Statistiques concernant De quelle langue vient ce mot ?

Cliquez ici pour prendre le quiz!

Statistiques générales

  • Ce quiz a été pris 184 fois
  • Le résultat moyen est 5 sur 20

Statistiques - réponses

MotLangue d'origine% Correct
bambinitalien
80%
guérillaespagnol
70%
handballallemand
59%
chifoumijaponais
41%
détectiveanglais
30%
saunafinnois
24%
orang-outanindonésien
24%
brêlearabe
23%
kiwimaori
23%
stepperusse
20%
yaourtturc
19%
paprikahongrois
13%
sagaislandais
13%
mannequinnéerlandais
11%
robottchèque
11%
cravatecroate
9%
caviarpersan
8%
junglehindi
6%
pangolinmalais
4%
édredondanois
3%

Distribution des résultats

Percentile par nombre de réponses

% des personnes avec chaque résultat

Votre développement - résultats

Vous n’avez pas pris ce quiz